| 000 | 01239nam a2200361 i 4500 | ||
|---|---|---|---|
| 001 | bg | ||
| 003 | KOSZ 005 | ||
| 005 | 20210602102732.0 | ||
| 008 | 970510s1994 pl a f f |001 0 pol | ||
| 015 | _aPB 1995/1625 | ||
| 020 | _a8323206309 | ||
| 035 | _a(OCoLC)830049939 | ||
| 040 |
_aWA N _cKOSZ 005/HR _dKOSZ 005/HR |
||
| 080 | _a340.1 | ||
| 080 | _a(075.8) | ||
| 100 | 1 |
_aRedelbach, Andrzej _d(1946-2006) _eAutor |
|
| 245 | 1 | 0 |
_aWstęp do prawoznawstwa / _cAndrzej Redelbach ; Uniwersytet im. Adama Mickiewicza w Poznaniu. |
| 250 | _a[Wyd. 2 zm. i poszerz.]. | ||
| 260 |
_aPoznań : _bWydaw. Naukowe UAM, _c1994. |
||
| 300 |
_a228 s. : _bfaks. ; _c24 cm. |
||
| 380 | _aKsiążki. | ||
| 388 | 1 | _a1901-2000. | |
| 504 | _aBibliogr. przy rozdz. - Indeks. | ||
| 650 | 4 |
_aPaństwo _xteoria. |
|
| 650 | 4 | _aPraworządność | |
| 658 | _aPrawo i wymiar sprawiedliwości | ||
| 655 | 4 | _aPodręczniki akademickie | |
| 650 | 4 | _aTeoria prawa | |
| 650 | 4 | _aPrawodawstwo | |
| 710 | 2 |
_aWydawnictwo Naukowe Uniwersytetu im. Adama Mickiewicza (Poznań). _4pbl. |
|
| 856 |
_uhttp://koha.tu.koszalin.pl/cgi-bin/koha/opac-detail.pl?biblionumber=32283 _yKatalog online BPK |
||
| 942 |
_2UKD _cKS |
||
| 999 |
_c32283 _d32283 |
||